Národná banka Slovenska sa posúva od sledovania čistej inflácie k širšej jadrovej inflácii

Snaha Národnej banky Slovenska (NBS) dosiahnuť a udržať nízku a stabilnú mieru inflácie. Výška inflácie a menová politika centrálnej banky. Faktory ovplyvňujúce infláciu. Čistá inflácia, jadrová inflácia. Porovnanie výpočtu čistej a jadrovej inflácie. Význam jadrovej inflácie.

Salvato in:
Dettagli Bibliografici
Autore principale: Štefanides, Zdenko
Natura: Capitolo di libro
Lingua:slovacco
Soggetti:
Tags: Aggiungi Tag
Nessun Tag, puoi essere il primo ad aggiungerne!!

MARC

LEADER 00000naa a2200000 4500
001 r036640
005 20230921104207.3
041 0 |a slo 
044 |a SK 
245 1 0 |a Národná banka Slovenska sa posúva od sledovania čistej inflácie k širšej jadrovej inflácii  |c Zdeno Štefanides 
520 |a Snaha Národnej banky Slovenska (NBS) dosiahnuť a udržať nízku a stabilnú mieru inflácie. Výška inflácie a menová politika centrálnej banky. Faktory ovplyvňujúce infláciu. Čistá inflácia, jadrová inflácia. Porovnanie výpočtu čistej a jadrovej inflácie. Význam jadrovej inflácie. 
610 2 0 |a inflácia 
610 2 0 |a inflácia čistá 
610 2 0 |a inflácia jadrová 
610 2 0 |a politika menová 
610 2 0 |a banky centrálne 
610 2 0 |a vývoj cenový 
610 2 0 |a Slovensko 
610 2 0 |a NBS Bratislava 
100 1 |a Štefanides, Zdenko